| 000 | 01119nam a2200265 i 4500 | ||
|---|---|---|---|
| 001 | 46616 | ||
| 003 | ES-MaACL | ||
| 005 | 20230906161423.0 | ||
| 007 | t| | ||
| 008 | 030331m19841986sp ||||1| spa d | ||
| 080 | _a84-00-05867-4 | ||
| 111 | 2 |
_aCongreso Internacional sobre Semiótica e Hispanismo ( _d1983. _cMadrid) _9484 |
|
| 245 | 1 | 0 |
_aActas del Congreso Internacional sobre Semiótica e Hispanismo celebrado en Madrid en... Junio de 1983 / _cMiguel Angel Garrido Gallardo (ed.). |
| 260 |
_a[Madrid] : _bConsejo Superior de Investigaciones Científicas, _c[1984-86] |
||
| 300 |
_a2 v. (923,949 p.) ; _c25 cm. |
||
| 500 | _aIndice. | ||
| 504 | _aBibliografía. | ||
| 505 | 8 | _aContiene: V. I: Teoría semiótica ; Leguajes y textos hispánicos. -- V. II: Crítica seiológica de textos literarios hispánicos | |
| 700 | 1 |
_aGarrido Gallardo, Miguel Ángel. _955701 |
|
| 740 | 0 | _aTeoría semiótica. | |
| 740 | 0 | _aLenguajes y textos hispánicos. | |
| 740 | 0 | _aCrítica semiológica de textos literarios hispánicos. | |
| 852 |
_aES-MaACL _jL-11382-3 _bR.113111 |
||
| 852 |
_aES-MaACL _jL-11384-5 _bR.112382 |
||
| 999 |
_c46616 _d46616 |
||